[Event "Baden Youth-ch 2020"]
[Site "Karlsruhe-Durlach"]
[Date "2020.01.04"]
[Round "4.3"]
[White "Fischer, Darja"]
[Black "Schulz, Hannah"]
[Result "1-0"]
[WhiteElo "1546"]
[BlackElo "1588"]
[Annotator "NA"]
[PlyCount "53"]
[EventDate "2020.01.02"]
[EventType "swiss"]
[EventCountry "GER"]
[SourceTitle "playchess.com"]
[Source "ChessBase"]
[SourceQuality "1"]
[TimeControl "5400+30"]

1. d4 {[%emt 0:00:00]} Nf6 {[%emt 0:00:00]} 2. c4 {[%emt 0:00:00]} c5 {[%emt 0:00:00]} 3. d5 {[%emt 0:00:09]} b5 {[%emt 0:00:00]} 4. Nc3 {[%emt 0:05:10]} b4 {[%emt 0:00:41]} 5. Nb1 {[%emt 0:03:35]} g6 {[%emt 0:00:50]} 6. b3 {[%emt 0:02:43]} Bg7 {[%emt 0:01:08]} 7. Bb2 {[%emt 0:00:13]} O-O {[%emt 0:00:57]} 8. Nd2 {[%emt 0:00:41]} d6 {[%emt 0:01:41]} 9. e4 {[%emt 0:03:42]} a5 {[%emt 0:05:46]} 10. Rb1 {[%emt 0:03:46]} Nbd7 {[%emt 0:04:17]} 11. Ngf3 {[%emt 0:03:42]} Nb6 {[%emt 0:01:26]} 12. Bd3 {[%emt 0:01:27]} a4 {[%emt 0:03:28]} 13. O-O {[%emt 0:01:22]} Bd7 {[%emt 0:01:54]} 14. h3 {[%emt 0:02:46]} Ra6 {[%emt 0:02:50]} 15. Re1 {[%emt 0:02:50]} Qc8 {[%emt 0:05:23]} 16. Qc2 {[%emt 0:12:33]} Nh5 {[%emt 0:10:52]} 17. Bxg7 {[%emt 0:05:40]} Kxg7 {[%emt 0:00:57]} 18. e5 {[%emt 0:03:56]} Nf4 {[%emt 0:01:40]} 19. Bf1 {[%emt 0:07:45]} Bf5 {[%emt 0:07:08]} 20. Ne4 {[%emt 0:00:17]} axb3 {[%emt 0:05:49]} 21. axb3 {[%emt 0:00:19]} Qc7 {[%emt 0:10:57]} 22. exd6 {[%emt 0:03:19]} exd6 {[%emt 0:00:28]} 23. g4 {[%emt 0:03:32]} Bd7 {[%emt 0:05:09]} 24. Qd2 {[%emt 0:02:12]} f5 {[%emt 0:01:16]} 25. Qb2+ {[%emt 0:03:33]} Kf7 {[%emt 0:03:06]} 26. Neg5+ {[%emt 0:00:54]} Kg8 {[%emt 0:00:13]} 27. Re7 {[%emt 0:00:30]} 1-0

[Event "Baden Youth-ch 2020"]
[Site "Karlsruhe-Durlach"]
[Date "2020.01.04"]
[Round "4.4"]
[White "Dobrikov, Marco"]
[Black "Wu, Luka"]
[Result "1-0"]
[WhiteElo "2291"]
[BlackElo "2057"]
[Annotator "ChessBase"]
[PlyCount "85"]
[EventDate "2020.01.02"]
[EventType "swiss"]
[EventCountry "GER"]
[SourceTitle "playchess.com"]
[Source "ChessBase"]
[SourceQuality "1"]
[TimeControl "5400+30"]

1. e4 {[%emt 0:00:00]} c5 {[%emt 0:00:00]} 2. Nf3 {[%emt 0:00:00]} d6 {[%emt 0:00:00]} 3. d4 {[%emt 0:00:00]} cxd4 {[%emt 0:00:00]} 4. Nxd4 {[%emt 0:00:00]} Nf6 {[%emt 0:00:00]} 5. Nc3 {[%emt 0:00:00]} g6 {[%emt 0:00:00]} 6. Be3 {[%emt 0:00:42]} Bg7 {[%emt 0:00:00]} 7. f3 {[%emt 0:00:08]} O-O {[%emt 0:00:05]} 8. Qd2 {[%emt 0:00:05]} Nc6 {[%emt 0:00:05]} 9. O-O-O {[%emt 0:00:05]} d5 {[%emt 0:00:11]} 10. Qe1 {[%emt 0:00:57]} e5 {[%emt 0:47:01]} 11. Nxc6 {[%emt 0:00:45]} bxc6 {[%emt 0:00:05]} 12. exd5 {[%emt 0:00:10]} cxd5 {[%emt 0:00:07]} 13. Bg5 {[%emt 0:00:22]} d4 {[%emt 0:05:50]} 14. Qxe5 {[%emt 0:01:06]} Nd7 {[%emt 0:08:41]} 15. Qxg7+ {[%emt 0:00:36]} Kxg7 {[%emt 0:00:07]} 16. Bxd8 {[%emt 0:00:02]} Rxd8 {[%emt 0:00:06]} 17. Rxd4 {[%emt 0:00:08]} Bb7 {[%emt 0:00:13]} 18. Bb5 {[%emt 0:00:46]} Nf6 {[%emt 0:00:22]} 19. Rxd8 {[%emt 0:00:42]} Rxd8 {[%emt 0:00:07]} 20. Rd1 {[%emt 0:00:04]} Rc8 {[%emt 0:00:15]} 21. Rd4 {[%emt 0:01:00]} a6 {[%emt 0:01:21]} 22. Bd3 {[%emt 0:00:46]} Rc5 {[%emt 0:01:09]} 23. Ne4 {[%emt 0:00:20]} Nxe4 {[%emt 0:00:12]} 24. Bxe4 {[%emt 0:00:06]} Bxe4 {[%emt 0:00:34]} 25. Rxe4 {[%emt 0:00:04]} Kf6 {[%emt 0:00:07]} 26. c4 {[%emt 0:00:42]} h5 {[%emt 0:00:10]} 27. b4 {[%emt 0:00:20]} Rc8 {[%emt 0:00:04]} 28. Kc2 {[%emt 0:00:09]} g5 {[%emt 0:00:05]} 29. h4 {[%emt 0:00:35]} Rg8 {[%emt 0:00:48]} 30. hxg5+ {[%emt 0:00:05]} Rxg5 {[%emt 0:00:06]} 31. Re2 {[%emt 0:00:22]} h4 {[%emt 0:00:06]} 32. Kd3 {[%emt 0:00:10]} Rg8 {[%emt 0:00:11]} 33. c5 {[%emt 0:00:14]} Rd8+ {[%emt 0:01:13]} 34. Kc4 {[%emt 0:00:06]} Rc8 {[%emt 0:00:31]} 35. a4 {[%emt 0:00:05]} Rc7 {[%emt 0:00:08]} 36. b5 {[%emt 0:00:05]} axb5+ {[%emt 0:00:04]} 37. axb5 {[%emt 0:00:05]} Ra7 {[%emt 0:00:06]} 38. c6 {[%emt 0:00:12]} Ra1 {[%emt 0:00:25]} 39. b6 {[%emt 0:00:42]} Rc1+ {[%emt 0:00:09]} 40. Kb5 {[%emt 0:00:04]} Rb1+ {[%emt 0:00:07]} 41. Ka6 {[%emt 0:00:04]} Ra1+ {[%emt 0:00:05]} 42. Kb7 {[%emt 0:00:03]} Rc1 {[%emt 0:00:05]} 43. c7 {[%emt 0:00:05]} 1-0

[Event "Baden Youth-ch 2020"]
[Site "Karlsruhe-Durlach"]
[Date "2020.01.04"]
[Round "4.5"]
[White "Schmitt, Daniel"]
[Black "Wu, Leon"]
[Result "1-0"]
[WhiteElo "1930"]
[BlackElo "2023"]
[Annotator "NA"]
[PlyCount "79"]
[EventDate "2020.01.02"]
[EventType "swiss"]
[EventCountry "GER"]
[SourceTitle "playchess.com"]
[Source "ChessBase"]
[SourceQuality "1"]
[TimeControl "5400+30"]

1. e4 {[%emt 0:00:00]} c5 {[%emt 0:00:00]} 2. Nf3 {[%emt 0:00:00]} d6 {[%emt 0:00:00]} 3. d4 {[%emt 0:00:00]} cxd4 {[%emt 0:00:00]} 4. Nxd4 {[%emt 0:00:00]} Nf6 {[%emt 0:00:00]} 5. f3 {[%emt 0:00:00]} e5 {[%emt 0:00:00]} 6. Nb3 {[%emt 0:00:00]} Be6 {[%emt 0:00:02]} 7. c4 {[%emt 0:00:13]} Qc7 {[%emt 0:00:05] B55: Sicilian: 2...d6 3 d4 cxd4 4 Nxd4 Nf6 5 f3} 8. Na3 {[%emt 0:01:35]} a6 {[%emt 0:00:06]} 9. Be3 {[%emt 0:00:54]} Nbd7 {[%emt 0:00:48]} 10. Be2 {[%emt 0:02:08]} Be7 {[%emt 0:00:31]} 11. O-O {[%emt 0:00:57]} O-O {[%emt 0:00:37]} 12. Rc1 {[%emt 0:05:04]} Rac8 {[%emt 0:06:00]} 13. Qd2 {[%emt 0:02:47]} h6 {[%emt 0:12:17]} 14. Rfd1 {[%emt 0:06:46] [#]} Nh7 $146 {[%emt 0:09:24]} ({Predecessor:} 14... Rfd8 15. Bf1 Nh7 {1-0 (46) Ivanchuk,V (2771)-Sebag,M (2521) Cap d'Agde 2012}) 15. Bf1 {[%emt 0:17:43]} Kh8 {[%emt 0:02:44]} 16. Nc2 {[%emt 0:04:34]} Nb6 {[%emt 0:06:14]} 17. Nb4 {[%emt 0:03:30]} Bd7 {[%emt 0:18:31]} 18. Qf2 {[%emt 0:05:16]} Na4 {[%emt 0:03:48]} 19. Nd5 {[%emt 0:02:16]} Qd8 {[%emt 0:00:11]} 20. Nxe7 {[%emt 0:08:30]} Qxe7 {[%emt 0:00:08]} 21. c5 {[%emt 0:00:09]} dxc5 $18 {[%emt 0:29:42]} 22. Nxc5 {[%emt 0:03:13]} Be8 {[%emt 0:06:29]} 23. b3 {[%emt 0:02:37]} Nb6 {[%emt 0:00:14]} 24. Nxa6 {[%emt 0:02:59]} bxa6 {[%emt 0:00:32]} 25. Bxb6 {[%emt 0:01:05]} Qb7 {[%emt 0:01:35]} 26. Rxc8 {[%emt 0:01:33]} Qxc8 {[%emt 0:00:03]} 27. Qc5 {[%emt 0:00:33]} Qb7 {[%emt 0:00:53]} 28. Qc7 {[%emt 0:00:37]} Bc6 {[%emt 0:01:15]} 29. Qxb7 Bxb7 {[%emt 0:00:04]} 30. Rd7 {[%emt 0:03:18]} Bc6 {[%emt 0:00:21]} 31. Rc7 {[%emt 0:07:43]} Bb5 {[%emt 0:00:06]} 32. Bxb5 {[%emt 0:05:59]} axb5 {[%emt 0:00:06]} 33. Rc5 {[%emt 0:00:07]} Rb8 {[%emt 0:00:19]} 34. Bc7 {[%emt 0:05:45]} Rc8 {[%emt 0:00:10]} 35. Rxe5 {[%emt 0:00:44]} Nf6 {[%emt 0:01:24]} 36. Rc5 {[%emt 0:01:20]} Nd7 {[%emt 0:01:15]} 37. Rc1 {[%emt 0:04:20]} g5 {[%emt 0:00:35]} 38. Be5+ {[%emt 0:00:15]} Nxe5 {[%emt 0:00:05]} 39. Rxc8+ {[%emt 0:00:04]} Kg7 {[%emt 0:00:06]} 40. Rc5 {[%emt 0:00:14]} 1-0

[Event "Baden Youth-ch 2020"]
[Site "Karlsruhe-Durlach"]
[Date "2020.01.04"]
[Round "4.6"]
[White "Schneider, Katharina"]
[Black "Visvikis, Kassandra"]
[Result "1/2-1/2"]
[WhiteElo "1672"]
[BlackElo "1568"]
[Annotator "NA"]
[PlyCount "86"]
[EventDate "2020.01.02"]
[EventType "swiss"]
[EventCountry "GER"]
[SourceTitle "playchess.com"]
[Source "ChessBase"]
[SourceQuality "1"]
[TimeControl "5400+30"]

1. e4 {[%emt 0:00:00]} e5 {[%emt 0:00:00]} 2. Nf3 {[%emt 0:00:00]} Nc6 {[%emt 0:00:00]} 3. Bc4 {[%emt 0:00:00]} Bc5 {[%emt 0:00:00]} 4. c3 {[%emt 0:00:00]} Nf6 {[%emt 0:00:00]} 5. d4 {[%emt 0:00:00]} exd4 {[%emt 0:00:00]} 6. cxd4 {[%emt 1:33:00]} Bb4+ {[%emt 0:00:00]} 7. Bd2 {[%emt 0:00:00]} d5 {[%emt 0:00:33]} 8. exd5 {[%emt 0:00:00]} Nxd5 {[%emt 0:01:15]} 9. Bxd5 {[%emt 0:00:00]} Bxd2+ {[%emt 0:03:17]} 10. Qxd2 {[%emt 0:00:00]} Qxd5 {[%emt 0:00:07]} 11. Nc3 {[%emt 0:00:00]} Qc4 {[%emt 0:05:11]} 12. Qe3+ {[%emt 0:00:00]} Qe6 {[%emt 0:09:20]} 13. O-O-O {[%emt 0:00:00]} Qxe3+ {[%emt 1:16:47]} 14. fxe3 {[%emt 0:00:00]} Bg4 {[%emt 0:00:00]} 15. h3 {[%emt 0:00:00]} Bh5 {[%emt 0:00:00]} 16. g4 {[%emt 0:00:00]} Bg6 {[%emt 0:00:00]} 17. a3 {[%emt 0:00:00]} O-O-O {[%emt 0:00:00]} 18. b4 {[%emt 0:00:00]} Rhe8 {[%emt 0:00:00]} 19. Rhe1 {[%emt 0:00:00]} f5 {[%emt 0:00:00]} 20. Nh4 {[%emt 0:00:00]} Ne7 {[%emt 0:00:00]} 21. d5 {[%emt 0:00:00]} fxg4 {[%emt 0:00:00]} 22. hxg4 {[%emt 0:00:00]} Bf7 {[%emt 0:00:00]} 23. e4 {[%emt 0:00:00]} Ng6 {[%emt 0:00:00]} 24. Nf5 {[%emt 0:00:00]} Ne5 {[%emt 0:00:00]} 25. Rg1 {[%emt 0:00:00]} g6 {[%emt 0:00:00]} 26. Nh6 {[%emt 0:00:00]} Bg8 {[%emt 0:00:00]} 27. Rgf1 {[%emt 0:00:00]} Nc4 {[%emt 0:00:00]} 28. Nxg8 {[%emt 0:00:00]} Rxg8 {[%emt 0:00:00]} 29. Rf7 {[%emt 0:00:00]} Nxa3 {[%emt 0:00:00]} 30. Rxh7 {[%emt 0:00:00]} Rgf8 {[%emt 0:00:00]} 31. Kb2 {[%emt 0:00:00]} Nc4+ {[%emt 0:00:00]} 32. Kb3 {[%emt 0:00:00]} Ne5 {[%emt 0:00:00]} 33. Nb5 {[%emt 0:00:00]} c6 {[%emt 0:00:00]} 34. Rc1 {[%emt 0:00:00]} Kb8 {[%emt 0:00:00]} 35. dxc6 {[%emt 0:01:55]} Nxc6 {[%emt 0:00:00]} 36. Rg7 {[%emt 0:01:03]} Rf3+ {[%emt 0:00:00]} 37. Rc3 {[%emt 0:00:42]} Rxc3+ {[%emt 0:00:00]} 38. Nxc3 {[%emt 0:00:27]} Ne5 {[%emt 0:00:00]} 39. Nd5 {[%emt 0:00:50]} a6 {[%emt 0:00:00]} 40. g5 {[%emt 0:00:41]} Rd6 {[%emt 0:00:00]} 41. Nf4 {[%emt 0:01:18]} Ka7 {[%emt 0:00:00]} 42. Re7 {[%emt 0:00:49]} Nc6 {[%emt 0:00:00]} 43. Rg7 {[%emt 0:00:24]} Ne5 {[%emt 0:00:00]} 1/2-1/2

[Event "Baden Youth-ch 2020"]
[Site "Karlsruhe-Durlach"]
[Date "2020.01.04"]
[Round "4.7"]
[White "Nass, Maximilian"]
[Black "Metzinger, Hannes"]
[Result "1-0"]
[WhiteElo "1937"]
[BlackElo "1903"]
[Annotator "NA"]
[PlyCount "63"]
[EventDate "2020.01.02"]
[EventType "swiss"]
[EventCountry "GER"]
[SourceTitle "playchess.com"]
[Source "ChessBase"]
[SourceQuality "1"]
[TimeControl "5400+30"]

1. e4 {[%emt 0:00:00]} e5 {[%emt 0:00:00]} 2. Nf3 {[%emt 0:00:00]} Nc6 {[%emt 0:00:00]} 3. Bb5 {[%emt 0:00:00]} a6 {[%emt 0:00:00]} 4. Ba4 {[%emt 0:00:11]} Nf6 {[%emt 0:00:00]} 5. d3 {[%emt 0:00:33]} b5 {[%emt 0:00:00]} 6. Bb3 {[%emt 0:00:06]} Be7 {[%emt 0:00:00]} 7. O-O {[%emt 0:00:51]} O-O {[%emt 0:00:06]} 8. Nc3 {[%emt 0:04:06]} d6 {[%emt 0:00:48]} 9. a4 {[%emt 0:06:15]} b4 {[%emt 0:00:40]} 10. Nd5 {[%emt 0:00:47]} Rb8 $11 {[%emt 0:02:15]} 11. a5 {[%emt 0:09:37]} Bg4 {[%emt 0:05:07]} 12. Be3 {[%emt 0:00:22]} Qc8 {[%emt 0:14:40]} 13. h3 {[%emt 0:13:19]} Bh5 {[%emt 0:03:05]} 14. g4 {[%emt 0:19:43]} Nxg4 {[%emt 0:08:51]} 15. Ba4 {[%emt 0:05:41]} Nxe3 {[%emt 0:06:39]} 16. fxe3 {[%emt 0:01:23]} Qxh3 {[%emt 0:55:49]} 17. Qe2 {[%emt 0:05:19]} Rb5 {[%emt 0:00:00]} 18. Bxb5 {[%emt 0:03:04]} axb5 {[%emt 0:00:00]} 19. a6 {[%emt 0:04:26]} Qd7 {[%emt 0:00:00]} 20. Nxe5 {[%emt 0:06:20]} dxe5 {[%emt 0:00:00]} 21. Qxh5 {[%emt 0:00:49]} Bc5 {[%emt 0:00:00]} 22. Rf6 {[%emt 0:00:30]} Ne7 {[%emt 0:00:00]} 23. Rh6 {[%emt 0:00:30]} Bxe3+ {[%emt 0:00:00]} 24. Nxe3 {[%emt 0:00:30]} gxh6 {[%emt 0:00:00]} 25. Ng4 {[%emt 0:00:30]} Qd4+ {[%emt 0:00:00]} 26. Kh1 {[%emt 0:10:57]} Ng6 {[%emt 0:00:00]} 27. a7 {[%emt 0:01:44]} Ra8 {[%emt 0:00:00]} 28. Nxh6+ {[%emt 0:02:54]} Kf8 {[%emt 0:00:00]} 29. Rf1 {[%emt 0:02:38]} Rxa7 {[%emt 0:00:00]} 30. Qf5 {[%emt 0:00:38]} c6 {[%emt 0:00:00]} 31. Qc8+ {[%emt 0:00:12]} Kg7 {[%emt 0:00:00]} 32. Nf5+ {[%emt 0:00:08]} 1-0

[Event "Baden Youth-ch 2020"]
[Site "Karlsruhe-Durlach"]
[Date "2020.01.04"]
[Round "4.8"]
[White "Doll, Alexander"]
[Black "Simbikangwa, Philippe"]
[Result "1-0"]
[WhiteElo "2127"]
[BlackElo "1865"]
[Annotator "ChessBase"]
[PlyCount "87"]
[EventDate "2020.01.02"]
[EventType "swiss"]
[EventCountry "GER"]
[SourceTitle "playchess.com"]
[Source "ChessBase"]
[SourceQuality "1"]
[TimeControl "5400+30"]

1. e4 {[%emt 0:00:00]} g6 {[%emt 0:00:40]} 2. d4 {[%emt 0:00:00]} Bg7 {[%emt 0:00:04]} 3. Nc3 {[%emt 0:00:00]} d6 {[%emt 0:00:04]} 4. f4 {[%emt 0:00:54]} a6 {[%emt 0:04:08]} 5. Be3 {[%emt 0:02:34]} b5 {[%emt 0:00:15]} 6. a4 {[%emt 0:02:20]} b4 {[%emt 0:01:22]} 7. Na2 {[%emt 0:01:24]} Bb7 {[%emt 0:04:29]} 8. d5 {[%emt 0:02:37]} c5 {[%emt 0:04:03]} 9. c3 {[%emt 0:03:19]} bxc3 {[%emt 0:02:17]} 10. Nxc3 {[%emt 0:00:32]} Qa5 {[%emt 0:15:06]} 11. Rb1 {[%emt 0:08:55]} Nf6 {[%emt 0:06:26]} 12. Bd3 {[%emt 0:03:08]} O-O {[%emt 0:20:02]} 13. Nf3 {[%emt 0:03:52]} Nbd7 {[%emt 0:14:18]} 14. Nd2 {[%emt 0:03:42]} Qc7 {[%emt 0:01:17]} 15. O-O {[%emt 0:01:30]} Rfe8 {[%emt 0:02:40]} 16. Bc4 {[%emt 0:02:56]} Nb6 {[%emt 0:04:16]} 17. Ba2 {[%emt 0:03:00]} a5 {[%emt 0:00:53]} 18. g4 {[%emt 0:02:17]} Bc8 {[%emt 0:04:27]} 19. f5 {[%emt 0:04:11]} Nfd7 {[%emt 0:02:19]} 20. Nb5 {[%emt 0:03:30]} Qb8 {[%emt 0:00:31]} 21. Bc4 {[%emt 0:02:36]} Nxc4 {[%emt 0:01:11]} 22. Nxc4 {[%emt 0:00:03]} Ne5 {[%emt 0:00:30]} 23. b3 {[%emt 0:01:48]} Ba6 {[%emt 0:00:51]} 24. Nba3 {[%emt 0:02:47]} Qc7 {[%emt 0:01:31]} 25. Bd2 {[%emt 0:01:00]} Bxc4 {[%emt 0:00:30]} 26. bxc4 {[%emt 0:00:39]} Nd3 {[%emt 0:00:42]} 27. Bc3 {[%emt 0:01:48]} Nb4 {[%emt 0:02:24]} 28. Nb5 {[%emt 0:01:54]} Qd7 {[%emt 0:00:24]} 29. Bxg7 {[%emt 0:00:29]} Kxg7 {[%emt 0:00:04]} 30. Qf3 {[%emt 0:02:12]} f6 {[%emt 0:01:40]} 31. Rb2 {[%emt 0:00:51]} g5 {[%emt 0:00:34]} 32. h4 {[%emt 0:00:32]} h6 {[%emt 0:00:08]} 33. Rh2 {[%emt 0:00:40]} Rh8 {[%emt 0:00:20]} 34. Rff2 {[%emt 0:00:46]} Rac8 {[%emt 0:01:32]} 35. Rh3 {[%emt 0:01:12]} Qe8 {[%emt 0:01:01]} 36. Rfh2 {[%emt 0:00:39]} Qf7 {[%emt 0:02:06]} 37. Qh1 {[%emt 0:01:02]} gxh4 {[%emt 0:01:13]} 38. Rxh4 {[%emt 0:00:19]} Rcg8 {[%emt 0:00:26]} 39. Rxh6 {[%emt 0:01:39]} Rxh6 {[%emt 0:00:07]} 40. Rxh6 {[%emt 0:00:02]} Kf8 {[%emt 0:00:10]} 41. Rh7 {[%emt 0:09:29]} Rxg4+ {[%emt 0:00:33]} 42. Kf2 {[%emt 0:00:02]} Rg7 {[%emt 0:00:12]} 43. Qh6 {[%emt 0:00:12]} Qg8 {[%emt 0:00:19]} 44. Rh8 {[%emt 0:00:15]} 1-0

[Event "Baden Youth-ch 2020"]
[Site "Karlsruhe-Durlach"]
[Date "2020.01.04"]
[Round "4.9"]
[White "Ehmann, Johanna"]
[Black "Wagner, Lena"]
[Result "1-0"]
[WhiteElo "1846"]
[BlackElo "1289"]
[Annotator "NA"]
[PlyCount "109"]
[EventDate "2020.01.02"]
[EventType "swiss"]
[EventCountry "GER"]
[SourceTitle "playchess.com"]
[Source "ChessBase"]
[SourceQuality "1"]
[TimeControl "5400+30"]

1. e4 {[%emt 0:00:00]} c6 {[%emt 0:00:12]} 2. c4 {[%emt 0:00:00]} d5 {[%emt 0:01:21]} 3. exd5 {[%emt 0:00:00]} cxd5 {[%emt 0:00:16]} 4. cxd5 {[%emt 0:00:09]} Nf6 {[%emt 0:01:48]} 5. Nc3 {[%emt 0:00:14]} Bf5 {[%emt 0:05:44]} (5... Nxd5 $11 {remains equal.} 6. Nf3 Nc6) 6. Bc4 {[%emt 0:04:08]} g6 {[%emt 0:03:53]} 7. Nf3 {[%emt 0:03:43]} Bg7 {[%emt 0:02:09]} 8. Qb3 $14 {[%emt 0:07:58]} Nbd7 {[%emt 0:11:11]} 9. O-O {[%emt 0:06:20]} O-O {[%emt 0:03:00]} 10. d3 {[%emt 0:18:26]} a6 {[%emt 0:05:01]} 11. a4 {[%emt 0:04:03]} Nc5 {[%emt 0:06:47]} 12. Qc2 {[%emt 0:06:16]} a5 {[%emt 0:04:38]} 13. Be3 {[%emt 0:02:56]} Nfd7 {[%emt 0:06:01]} 14. Nh4 {[%emt 0:03:50]} Bg4 {[%emt 0:06:58]} 15. h3 {[%emt 0:04:32]} e5 {[%emt 0:04:34]} 16. hxg4 {[%emt 0:08:10]} Qxh4 {[%emt 0:02:24]} 17. f3 {[%emt 0:01:19]} Rac8 {[%emt 0:07:05]} 18. Qf2 {[%emt 0:01:35]} Qxf2+ {[%emt 0:04:50]} 19. Bxf2 {[%emt 0:01:08]} Rfd8 {[%emt 0:04:14]} 20. Ne4 {[%emt 0:01:23]} Nxe4 {[%emt 0:01:56]} 21. fxe4 {[%emt 0:00:07]} Nf6 {[%emt 0:00:29]} 22. Bh4 {[%emt 0:01:42]} Rd6 {[%emt 0:01:25]} 23. Bxf6 {[%emt 0:01:48]} Bxf6 {[%emt 0:00:30]} 24. b3 {[%emt 0:01:05]} b6 {[%emt 0:00:31]} 25. Rf3 {[%emt 0:01:35]} Kg7 {[%emt 0:01:02]} 26. Raf1 {[%emt 0:00:43]} Rc7 {[%emt 0:00:40]} 27. Kf2 {[%emt 0:02:01]} Bg5 {[%emt 0:00:58]} 28. Ke2 {[%emt 0:00:14]} h5 {[%emt 0:00:58]} 29. gxh5 {[%emt 0:00:33]} gxh5 {[%emt 0:00:06]} 30. Rf5 {[%emt 0:01:27]} f6 {[%emt 0:00:59]} 31. g3 {[%emt 0:02:22]} Kg6 {[%emt 0:00:39]} 32. Rh1 {[%emt 0:00:29]} Rh7 {[%emt 0:00:15]} 33. Rf2 {[%emt 0:01:48]} Rh8 {[%emt 0:01:30]} 34. Rfh2 {[%emt 0:00:52]} Rd7 {[%emt 0:01:03]} 35. Bb5 {[%emt 0:01:53]} Rdh7 {[%emt 0:00:09]} 36. Kf3 {[%emt 0:01:53]} Rh6 {[%emt 0:01:42]} 37. Bd7 {[%emt 0:00:59]} h4 {[%emt 0:02:14]} 38. gxh4 {[%emt 0:02:42]} Rxh4 {[%emt 0:00:11]} 39. Rxh4 {[%emt 0:00:32]} Rxh4 {[%emt 0:00:11]} 40. Be8+ {[%emt 0:01:06]} Kg7 {[%emt 0:01:54]} 41. Rxh4 {[%emt 0:00:06]} Bxh4 {[%emt 0:00:17]} 42. Kg4 {[%emt 0:01:04]} Bf2 {[%emt 0:00:57]} 43. Kf5 {[%emt 0:02:01]} Bc5 {[%emt 0:01:34]} 44. Ke6 {[%emt 0:00:27]} Kf8 {[%emt 0:01:25]} 45. Bc6 {[%emt 0:00:20]} Kg7 {[%emt 0:00:21]} 46. d6 {[%emt 0:00:10]} Kf8 {[%emt 0:01:24]} 47. Kd7 {[%emt 0:01:02]} Kf7 {[%emt 0:01:21]} 48. Kc7 {[%emt 0:00:17]} Ke6 {[%emt 0:00:44]} 49. d7 {[%emt 0:00:09]} Be7 {[%emt 0:00:36]} 50. d8=N+ {[%emt 0:00:43]} Bxd8+ {[%emt 0:00:28]} 51. Kxd8 {[%emt 0:00:06]} Kd6 {[%emt 0:00:16]} 52. Bb5 {[%emt 0:00:33]} Kc5 {[%emt 0:02:42]} 53. Ke7 {[%emt 0:00:13]} Kb4 {[%emt 0:00:08]} 54. Kxf6 {[%emt 0:00:15]} Kxb3 {[%emt 0:00:26]} 55. Kxe5 {[%emt 0:00:07]} 1-0

[Event "Baden Youth-ch 2020"]
[Site "Karlsruhe-Durlach"]
[Date "2020.01.04"]
[Round "4.10"]
[White "Grining, Maria"]
[Black "Schneider, Xenia"]
[Result "1-0"]
[WhiteElo "1744"]
[BlackElo "1332"]
[Annotator "NA"]
[PlyCount "53"]
[EventDate "2020.01.02"]
[EventType "swiss"]
[EventCountry "GER"]
[SourceTitle "playchess.com"]
[Source "ChessBase"]
[SourceQuality "1"]
[TimeControl "5400+30"]

1. d4 {[%emt 0:00:00]} c6 {[%emt 0:00:00]} 2. Nf3 {[%emt 0:00:14]} d5 {[%emt 0:00:00]} 3. c4 {[%emt 0:01:44]} e6 {[%emt 0:03:24]} 4. e3 {[%emt 0:01:48]} Nd7 {[%emt 0:03:59]} 5. Nbd2 {[%emt 0:00:27]} Ngf6 {[%emt 0:01:52]} 6. b3 {[%emt 0:00:28]} Bb4 {[%emt 0:10:33]} 7. Bb2 {[%emt 0:00:58]} Ne4 {[%emt 0:03:10]} 8. a3 {[%emt 0:01:57]} Bxd2+ {[%emt 0:08:28]} 9. Nxd2 {[%emt 0:00:16]} Ndf6 {[%emt 0:00:49]} 10. Bd3 {[%emt 1:27:08]} O-O {[%emt 0:07:27]} 11. O-O {[%emt 0:00:00]} Qc7 {[%emt 0:01:09]} 12. f3 {[%emt 0:00:00]} Nxd2 {[%emt 0:10:13]} 13. Qxd2 {[%emt 0:00:00]} Nd7 {[%emt 0:05:08]} 14. e4 {[%emt 0:00:00]} Qd8 {[%emt 0:07:41]} 15. e5 {[%emt 0:00:00]} Qh4 {[%emt 0:09:20]} 16. f4 {[%emt 0:00:00]} f5 {[%emt 0:00:30]} 17. Rf3 {[%emt 0:00:00]} Qe7 {[%emt 0:03:49]} 18. a4 {[%emt 0:00:00]} b6 {[%emt 0:00:32]} 19. cxd5 {[%emt 0:00:00]} exd5 {[%emt 0:01:30]} 20. Qc2 {[%emt 0:00:00]} Qe6 {[%emt 0:00:23]} 21. Ba3 {[%emt 0:00:00]} Re8 {[%emt 0:00:50]} 22. Bxf5 {[%emt 0:00:00]} Qh6 {[%emt 0:00:29]} 23. Rh3 {[%emt 0:00:00]} Qxf4 {[%emt 0:00:37]} 24. Bxh7+ {[%emt 0:00:00]} Kh8 {[%emt 0:01:12]} 25. Bg8+ {[%emt 0:00:00]} Kxg8 {[%emt 0:00:59]} 26. Qh7+ {[%emt 0:00:00]} Kf7 {[%emt 0:00:08]} 27. Rf3 {[%emt 0:00:00]} 1-0

[Event "Baden Youth-ch 2020"]
[Site "Karlsruhe-Durlach"]
[Date "2020.01.05"]
[Round "5.1"]
[White "Neves, Carlos"]
[Black "Hecht, Jonas"]
[Result "0-1"]
[WhiteElo "1438"]
[BlackElo "1754"]
[Annotator "NA"]
[PlyCount "54"]
[EventDate "2020.01.02"]
[EventType "swiss"]
[EventCountry "GER"]
[SourceTitle "playchess.com"]
[Source "ChessBase"]
[SourceQuality "1"]
[TimeControl "5400+30"]

1. d4 {[%emt 0:00:00]} f5 {[%emt 0:00:00]} 2. Nf3 {[%emt 0:00:00]} Nf6 {[%emt 0:00:00]} 3. g3 {[%emt 0:00:00]} g6 {[%emt 0:00:00]} 4. Bg2 {[%emt 0:00:00]} Bg7 {[%emt 0:00:00]} 5. O-O {[%emt 0:00:03]} O-O {[%emt 0:00:00]} 6. c4 {[%emt 0:00:02]} d6 {[%emt 0:00:36]} 7. Qc2 {[%emt 0:00:37]} Qe8 {[%emt 0:00:51]} 8. Nc3 {[%emt 0:00:24]} e5 {[%emt 0:01:30]} 9. dxe5 {[%emt 0:01:04]} dxe5 {[%emt 0:00:05]} 10. e4 {[%emt 0:01:00]} Nc6 {[%emt 0:12:40]} 11. exf5 {[%emt 0:21:11]} Bxf5 {[%emt 0:02:58]} 12. Qe2 {[%emt 0:02:09]} Nd7 {[%emt 0:09:36]} 13. Be3 {[%emt 0:06:58]} Bg4 {[%emt 0:04:30]} 14. h3 {[%emt 0:07:52]} Bxf3 {[%emt 0:01:46]} 15. Bxf3 {[%emt 0:00:37]} Nd4 {[%emt 0:00:43]} 16. Bxd4 {[%emt 0:01:58]} exd4 {[%emt 0:00:01]} 17. Qxe8 {[%emt 0:01:58]} Raxe8 {[%emt 0:00:09]} 18. Bd5+ {[%emt 0:00:13]} Kh8 {[%emt 0:00:12]} 19. Na4 {[%emt 0:04:16]} c6 {[%emt 0:04:28]} 20. Bg2 {[%emt 0:00:09]} Re7 {[%emt 0:10:07]} 21. Rae1 {[%emt 0:05:37]} Ref7 {[%emt 0:01:01]} 22. b4 {[%emt 0:04:54]} d3 {[%emt 0:17:44]} 23. c5 {[%emt 0:03:51]} Bd4 {[%emt 0:01:28]} 24. Rd1 {[%emt 0:09:13]} Rxf2 {[%emt 0:01:21]} 25. Rxf2 {[%emt 0:00:49]} Rxf2 {[%emt 0:00:06]} 26. Kh1 {[%emt 0:03:54]} Ne5 {[%emt 0:00:04]} 27. a3 {[%emt 0:24:41]} Ra2 0-1